| 000 | 00467nam a22001577a 4500 | ||
|---|---|---|---|
| 005 | 20240725105228.0 | ||
| 008 | 240725b |||||||| |||| 00| 0 eng d | ||
| 082 |
_a341.522 _bAHS-I |
||
| 100 | _aAhsen Chaudhri, Muhammad | ||
| 245 |
_aInternational Arbitration in Theory & Practice/ _cMuhammad Ahsen Chaudhri |
||
| 260 |
_aKarachi; _b Royal Book Company; _c1993 |
||
| 300 |
_avii, 154 p.: _bill; _c23 cm. |
||
| 650 | _aSocial Sciences/Law | ||
| 999 |
_c36213 _d36213 |
||